La planificación del desarrollo agropecuario en El Salvador /
Papel de la planificación como instrumento del desarrollo agropecuario. Analiza el sector agropecuario, su importancia en la economía nacional y su evolución histórica, describe el sistema de planificación que funciona en el país, refiriéndose a su organización a partir del nivel nacional y con mayo...
Uloženo v:
| Hlavní autor: | |
|---|---|
| Médium: | Diplomová práce |
| Vydáno: |
San Salvador:
Universidad Centroamericana José Simeón Cañas
|
| Témata: | |
| Tagy: |
Přidat tag
Žádné tagy, Buďte první, kdo vytvoří štítek k tomuto záznamu!
|
MARC
| LEADER | 00000 a a2200000 04500 | ||
|---|---|---|---|
| 001 | 20096 | ||
| 003 | |||
| 040 | |||
| 090 | |a 08262.00 | ||
| 100 | |a Sosa, Miguel Domingo | ||
| 245 | |a La planificación del desarrollo agropecuario en El Salvador / |c Miguel Domingo Sosa | ||
| 260 | |a San Salvador: |b Universidad Centroamericana José Simeón Cañas | ||
| 300 | |a 226 páginas | ||
| 502 | |a Tesis (Licenciado en Economía) -- Universidad Centroamericana José Simeón Cañas. Facultad de Ciencias Económicas. Escuela de Economía, 1976 | ||
| 520 | |a Papel de la planificación como instrumento del desarrollo agropecuario. Analiza el sector agropecuario, su importancia en la economía nacional y su evolución histórica, describe el sistema de planificación que funciona en el país, refiriéndose a su organización a partir del nivel nacional y con mayor detalle en el nivel sectorial. Propone un sistema de planificación como parte del sistema nacional, indicando las vinculaciones existentes entre ambos./ACM | ||
| 650 | |a EL SALVADOR | ||
| 650 | |a SECTOR AGROPECUARIO | ||
| 650 | |a PLANIFICACION AGRICOLA | ||
| 650 | |a PLANIFICACION SECTORIAL | ||
| 999 | |c 17923 |d 17923 | ||
